LEADER 00625nam a2200193 i 4500 001 991004312836007536 005 20240322132346.0 008 240322s1907 it r 000 0 ita d 040 $aBibl. Interfacoltà T. Pellegrino$bita$cSocioculturale Scs 041 0 $aita 082 04$a230.072$223 100 1 $aSignore, Giuseppe$01732703 245 13$aIl concentramento dei seminari :$bnote e proposte /$cGiuseppe Signore 260 $aLecce :$bTip. Editrice Salentina,$c1907 300 $a56 p. ;$c23 cm 650 14$aSeminari$zLecce 912 $a991004312836007536 996 $aConcentramento dei seminari$94147047 997 $aUNISALENTO LEADER 01425nam 2200253la 450 001 9910481338403321 005 20221102155355.0 035 $a(UK-CbPIL)2090353950 035 $a(CKB)5500000000084961 035 $a(EXLCZ)995500000000084961 100 $a20221102d1607 uy | 101 0 $alat 135 $aurcn||||a|bb| 200 10$aContinuatio ephemeridum coelestium motuum Io. Antonij Magini Patauini ... Ab anno Domini 1620. vsque ad annum 1630. iuxta Copernici obseruationes accuratissime? supputatarum ... Quibus addita sunt eiusdem supplementum isagogicarum ephemeridum, ... Astrologicae circa agriculturam, & nauigatoriam obseruationes, & praecepta. De mutatione ae?ris libellus 210 $aVenice $c[s.n.]$d1607 215 $aOnline resource ([6], 152 [i.e. 150], 28 c., 4º) 300 $aReproduction of original in Biblioteca Nazionale Centrale di Firenze. 700 $aMagini$b Giovanni Antonio$f1555-1617.$055127 801 0$bUk-CbPIL 801 1$bUk-CbPIL 906 $aBOOK 912 $a9910481338403321 996 $aContinuatio ephemeridum coelestium motuum Io. Antonij Magini Patauini ... Ab anno Domini 1620. vsque ad annum 1630. iuxta Copernici obseruationes accuratissimè supputatarum ... Quibus addita sunt eiusdem supplementum isagogicarum ephemeridum, ... Astrologicae circa agriculturam, & nauigatoriam obseruationes, & praecepta. De mutatione aëris libellus$92007611 997 $aUNINA